Немецкий солдат у здания рейхстага, взятого штурмом советскими войсками

RUSMARC
00004469ckm0a2200301#x 450
001017dbc6f-3436-4e95-ad40-873e35cc6a23
00520251205140916.0
100##$a20251203j194505##k###0rusy50 ca
102##$aDE
116##$afiybxx####zz####zz
1220#$ad194505####
2001#$aНемецкий солдат у здания рейхстага, взятого штурмом советскими войсками
$j[Начало мая 1945 г.]
251##$cДокумент
300##$aФотография
300##$aФотограф М. С. Редькин
461#0$12001
$aФ. 71
$1251
$cФонд
$1852
$j71
462#0$12001
$aОп. 56
$1251
$cОпись
$1852
$j56
605##$2prlib_sh
$3LIBNET\UAF\0000088514
$aВторая мировая война в архивных документах (Комплекс оцифрованных архивных документов, кино- и фотоматериалов)
$lколлекция
605##$2acquisition_Prlib
$3DITM\AF\0000000338
$aПамять о Великой Победе
$lколлекция
6061#$2nlr_sh
$3RU\NLR\AUTH\66133598
$aБерлинская операция
$z1945
$jФотографии
607##$2prlib_sh
$3DITM\AF\0000000301
$aРейхстага, здание
$yБерлин, город (Германия)
$z1945, май
$jФотографии
608##$2prlib_sh
$3LIBNET\UAF\0000115139
$aДокументальные фотографии
$z1945
686##$a63.3(2)622,13я611
$vLBC/M
$2rubbk
801#0$aRU
$bПБ им. Б.Н. Ельцина
$c20251203
801#1$aRU
$bПБ им. Б.Н. Ельцина
$c20251203
$2rusmarc
801#2$aRU
$bПБ им. Б.Н. Ельцина
$c20251205
$2rusmarc
850##$aРоссийский государственный архив социально-политической истории
852##$aРГАСПИ
$jД. 1942
035##$aLIBNET\0001516791
937##$d198505993
$hФедеральное архивное агентство
8564#$uhttp://readingroom.main.prlib.ru/item.aspx?id_node=n198505993&mode=full
Формат отображения